[Event "Unterfranken-ch HT 52th"]
[Site "Massbach"]
[Date "2001.04.18"]
[Round "4"]
[White "Engelbrecht, Klaus"]
[Black "Schnellbach, Heinrich"]
[Result "0-1"]
[WhiteElo "1228"]
[BlackElo "1363"]
[PlyCount "78"]
[EventDate "2001.04.16"]
[EventType "swiss"]
[EventRounds "9"]
[EventCountry "GER"]
[SourceTitle "EXT 2015"]
[Source "ChessBase"]
[SourceDate "2014.11.20"]
[SourceVersion "1"]
[SourceVersionDate "2014.11.20"]
[SourceQuality "1"]

1. e4 e6 2. d4 d5 3. e5 c5 4. Nf3 Nc6 5. Be2 Qb6 6. c3 cxd4 7. Nxd4 Bc5 8. Bb5 Nge7 9. 0-0 0-0 10. Nxc6 Nxc6 11. Bxc6 bxc6 12. b4 Be7 13. Be3 Qc7 14. f4 a5 15. a3 axb4 16. cxb4 Bxb4 17. Bd2 Bxd2 18. Nxd2 Qb6+ 19. Kh1 Qd4 20. Qc2 Ba6 21. Nb3 Qb6 22. Rfb1 Qc7 23. Nc5 Rfb8 24. Rxb8+ Qxb8 25. Rb1 Qc7 26. Qb2 g6 27. h4 h5 28. Kh2 Bb5 29. g4 Qe7 30. Qf2 hxg4 31. Rb3 d4 32. Ne4 Rxa3 33. Nf6+ Kh8 34. Rxa3 Qxa3 35. Nxg4 d3 36. Qd2 Qc5 37. f5 Qc2 38. Qxc2 dxc2 39. fxg6 fxg6 0-1